| 000 | 00352nam a22001457a 4500 | ||
|---|---|---|---|
| 003 | OSt | ||
| 020 | _a9789350840405 | ||
| 040 | _a1 | ||
| 082 |
_a351 _bSIN |
||
| 100 | _aSingh, Purnima | ||
| 245 |
_aEncyclopaedia of Modern Political Administration _cPurnima Singh |
||
| 260 |
_aNew Delhi _bCentrum Press _c2013 |
||
| 300 |
_a304p: _b24cm |
||
| 942 |
_2ddc _cBK |
||
| 999 |
_c15959 _d15959 |
||